000 00651nam a2200193 a 4500
001 000043896
005 20201002045031.0
008 140508s1974 sp 000 0 spa d
020 _a8430611231
040 _aDO-SdBNP
_bspa
_cBNPHU
100 1 _aTeilhard de Chardin, Pierre
_961152
245 1 4 _aLas Direcciones del Polvenir /
_cPierre Teilhard de Chardin ; prólogo de N. M. Wildiers.
260 _aMadrid :
_bTaurus,
_c1974.
300 _a189 p. ;
_c21 cm.
490 1 _aEnsayistas
_v123
500 _aIncluye referencias bibliográficas y notas al pie de las páginas
700 1 2 _aWildiers, M. N.
_etr.
_971792
830 0 _aEnsayistas
_v123
_948911
999 _c43385
_d43385